| 000 | 00529nam a2200133Ia 4500 | ||
|---|---|---|---|
| 008 | 220216s9999 xx 000 0 und d | ||
| 100 | _aGeorge K.T. | ||
| 245 | 0 | _aGovernment policy, captive market and dynamic growth of rubber smallholdings in India: A review | |
| 260 |
_bDepartment of Economics, Research School of Pacific and Asian Studies, Australian National University, 13 February 1996, Canberra, Australia _c1996 |
||
| 650 | _aMarketing | ||
| 650 | _aRubber plantation industry | ||
| 650 | _aSmallholdings | ||
| 942 | _cBS | ||
| 999 |
_c52427 _d52427 |
||